header

Georgia and the Caucasus region (Record no. 62244)

MARC details
000 -LEADER
fixed length control field 01264nam a2200325 a 4500
082 04 - DEWEY DECIMAL CLASSIFICATION NUMBER
Classification number 947.5808/6
245 00 - TITLE STATEMENT
Title Georgia and the Caucasus region
260 ## - PUBLICATION, DISTRIBUTION, ETC. (IMPRINT)
Place of publication New York :
Name of publisher Nova Science Publishers,
Year of publication c2010.
300 ## - PHYSICAL DESCRIPTION
Number of Pages xi, 147 p. :
Other physical details ill. (some col.), maps.
700 1# - ADDED ENTRY--PERSONAL NAME
Personal name Haro, Fran W.
856 40 - ELECTRONIC LOCATION AND ACCESS
Uniform Resource Identifier http://site.ebrary.com/lib/rucke/Doc?id=10671040

No items available.

© 2026 Rongo University
Contact us: librarian | system librarian | Rongo university